[Event "26. Copenhagen Open  (Politiken Cup)"]
[Site "Taastrup"]
[Date "2004.07.30"]
[Round "8"]
[White "Skjoldager, Flemming"]
[Black "Schmidt, Horst Hubert"]
[Result "1-0"]
[WhiteElo "2088"]
[BlackElo "1878"]
[PlyCount "71"]
[EventDate "2004.07.24"]
[EventType "swiss"]
[EventRounds "10"]
[EventCountry "DEN"]
[SourceDate "2004.01.01"]

1. c4 e5 2. g3 Nf6 3. Nc3 Bc5 4. Bg2 O-O 5. e3 Nc6 6. Nge2 a6 7. O-O d6 8. a3
Be6 9. d4 Nxd4 10. exd4 exd4 11. Nxd4 Bxc4 12. Re1 Re8 13. Be3 c6 14. b3 Be6
15. Nxe6 fxe6 16. Bxc5 dxc5 17. Qxd8 Raxd8 18. Na4 Nd7 19. Rad1 Kf7 20. Re3 b5
21. Bxc6 bxa4 22. Rxd7+ Rxd7 23. Bxd7 Re7 24. Bxa4 e5 25. Bc6 Rc7 26. Bd5+ Kf6
27. Rf3+ Kg6 28. Rc3 a5 29. b4 axb4 30. axb4 c4 31. Rxc4 Rd7 32. Be4+ Kh6 33.
b5 Kg5 34. h4+ Kf6 35. b6 Rd8 36. b7 1-0

[Event "26. Copenhagen Open  (Politiken Cup)"]
[Site "Taastrup"]
[Date "2004.07.30"]
[Round "8"]
[White "Skovgaard, Peter Nicolai"]
[Black "Larsen, Arne"]
[Result "1/2-1/2"]
[WhiteElo "2116"]
[BlackElo "1823"]
[PlyCount "42"]
[EventDate "2004.07.24"]
[EventType "swiss"]
[EventRounds "10"]
[EventCountry "DEN"]
[SourceDate "2004.01.01"]

1. e4 g6 2. d4 Bg7 3. Nc3 d6 4. Be2 Nc6 5. Be3 Nf6 6. g4 e5 7. d5 Nd4 8. Bxd4
exd4 9. Qxd4 O-O 10. g5 c5 11. dxc6 Ng4 12. Qb4 bxc6 13. h3 c5 14. Qa3 Ne5 15.
f4 Nc6 16. Nd5 Be6 17. O-O-O Bxd5 18. Rxd5 Rb8 19. c3 Qb6 20. f5 Be5 21. Nf3
Bf4+ 1/2-1/2

[Event "26. Copenhagen Open  (Politiken Cup)"]
[Site "Taastrup"]
[Date "2004.07.30"]
[Round "8"]
[White "Soraas, Torben"]
[Black "Mortensen, Jan T"]
[Result "1-0"]
[WhiteElo "2107"]
[BlackElo "2028"]
[PlyCount "61"]
[EventDate "2004.07.24"]
[EventType "swiss"]
[EventRounds "10"]
[EventCountry "DEN"]
[SourceDate "2004.01.01"]

1. e4 e6 2. d4 d5 3. Nd2 Nf6 4. e5 Nfd7 5. Bd3 c5 6. c3 Nc6 7. Ne2 cxd4 8. cxd4
f6 9. Nf4 Nxd4 10. Qh5+ Ke7 11. Ng6+ hxg6 12. exf6+ gxf6 13. Qxh8 Ne5 14. Qh7+
Kd6 15. Bxg6 Nxg6 16. Qxg6 e5 17. O-O Bf5 18. Qh5 Bd3 19. b3 Bxf1 20. Nxf1 Nc2
21. Rb1 Qe8 22. Qh7 Qc6 23. Bd2 Rc8 24. Rc1 d4 25. Bb4+ Nxb4 26. Rxc6+ Kxc6 27.
Qf5 Rc7 28. Qxf6+ Bd6 29. Nd2 Nxa2 30. Nc4 Rd7 31. Nxe5+ 1-0

[Event "26. Copenhagen Open  (Politiken Cup)"]
[Site "Taastrup"]
[Date "2004.07.30"]
[Round "8"]
[White "Taksrud, Vidar"]
[Black "Jacobsen, Hans Endrup"]
[Result "1-0"]
[WhiteElo "1954"]
[BlackElo "2102"]
[PlyCount "53"]
[EventDate "2004.07.24"]
[EventType "swiss"]
[EventRounds "10"]
[EventCountry "DEN"]
[SourceDate "2004.01.01"]

1. d4 Nf6 2. Nf3 e6 3. Bg5 d5 4. Nbd2 Be7 5. Bxf6 Bxf6 6. e4 c5 7. e5 Be7 8. c3
Nc6 9. Bd3 cxd4 10. cxd4 Qb6 11. Nb3 Bb4+ 12. Kf1 g6 13. h4 h5 14. g3 Bd7 15.
Kg2 Be7 16. Rc1 O-O 17. Bb1 Rac8 18. Qd2 Kg7 19. Nc5 Qc7 20. a3 b6 21. Nd3 Qb8
22. Nf4 Rc7 23. Qd3 Be8 24. Nxh5+ Kh8 25. Qe3 gxh5 26. Qh6+ Kg8 27. Qh7# 1-0

[Event "26. Copenhagen Open  (Politiken Cup)"]
[Site "Taastrup"]
[Date "2004.07.30"]
[Round "8"]
[White "Thomassen, Joachim"]
[Black "Soupizon, Remi"]
[Result "0-1"]
[WhiteElo "1462"]
[BlackElo "2003"]
[PlyCount "86"]
[EventDate "2004.07.24"]
[EventType "swiss"]
[EventRounds "10"]
[EventCountry "DEN"]
[SourceDate "2004.01.01"]

1. Nf3 Nc6 2. c4 e5 3. d3 f5 4. g3 Bb4+ 5. Bd2 Bxd2+ 6. Qxd2 Nf6 7. b4 d6 8. b5
Ne7 9. Nc3 c6 10. c5 e4 11. dxe4 fxe4 12. Ng5 d5 13. Bg2 O-O 14. O-O Qe8 15. a4
Qh5 16. h4 Nf5 17. Nd1 Nxh4 18. gxh4 Qxh4 19. f3 h6 20. fxe4 hxg5 21. exd5 Bh3
22. Ne3 Nh5 23. dxc6 Nf4 24. Rf2 Nxg2 25. Rxf8+ Rxf8 26. Qd5+ Kh8 27. Nxg2 Bxg2
28. Qxg2 Qd4+ 29. Kh2 Rf2 30. cxb7 Rxg2+ 31. Kxg2 Qe4+ 32. Kf2 Qxb7 33. c6 Qb6+
34. Ke1 Kh7 35. Rc1 Qc7 36. a5 Qf4 37. Rc2 Qb4+ 38. Kf1 Qb1+ 39. Kf2 Qxc2 40.
Kg3 Qb3+ 41. Kh2 Qxb5 42. c7 Qe5+ 43. Kg2 Qxc7 0-1

[Event "26. Copenhagen Open  (Politiken Cup)"]
[Site "Taastrup"]
[Date "2004.07.30"]
[Round "8"]
[White "Thorgeirsson, Sverrir"]
[Black "Helin, Mikael"]
[Result "0-1"]
[WhiteElo "1360"]
[BlackElo "1939"]
[PlyCount "50"]
[EventDate "2004.07.24"]
[EventType "swiss"]
[EventRounds "10"]
[EventCountry "DEN"]
[SourceDate "2004.01.01"]

1. e4 c5 2. Nf3 e6 3. d4 cxd4 4. Nxd4 a6 5. Nc3 Qc7 6. Be2 Nf6 7. O-O h5 8. h3
Nc6 9. Nxc6 dxc6 10. Bg5 Be7 11. Bxf6 gxf6 12. Bxh5 Bd7 13. Bf3 Bc5 14. Qe2
O-O-O 15. Nd1 Rdg8 16. Kh1 Qf4 17. Ne3 Bd6 18. g3 Rxh3+ 19. Kg1 Qh4 20. Bg2
Bxg3 21. fxg3 Rgxg3 22. Qd1 Rh1+ 23. Kf2 Rxg2+ 24. Kxg2 Rh2+ 25. Kf3 Qh3+ 0-1

[Event "26. Copenhagen Open  (Politiken Cup)"]
[Site "Taastrup"]
[Date "2004.07.30"]
[Round "8"]
[White "Tuomainen, Jari"]
[Black "Taylor, Phil"]
[Result "1/2-1/2"]
[WhiteElo "1767"]
[BlackElo "2075"]
[PlyCount "34"]
[EventDate "2004.07.24"]
[EventType "swiss"]
[EventRounds "10"]
[EventCountry "DEN"]
[SourceDate "2004.01.01"]

1. d4 d5 2. Nf3 Nf6 3. e3 e6 4. Bd3 c5 5. c3 Nc6 6. Nbd2 Bd6 7. dxc5 Bxc5 8. b4
Bd6 9. a3 O-O 10. c4 e5 11. cxd5 Nxd5 12. O-O Re8 13. Qc2 Nf6 14. Ne4 Bg4 15.
Nxd6 Qxd6 16. Rd1 Qe7 17. Be2 Rac8 1/2-1/2

[Event "26. Copenhagen Open  (Politiken Cup)"]
[Site "Taastrup"]
[Date "2004.07.30"]
[Round "8"]
[White "Tuomisto, Keijo"]
[Black "Asbjornsson, Ingvar"]
[Result "1/2-1/2"]
[WhiteElo "1951"]
[BlackElo "1275"]
[PlyCount "132"]
[EventDate "2004.07.24"]
[EventType "swiss"]
[EventRounds "10"]
[EventCountry "DEN"]
[SourceDate "2004.01.01"]

1. e4 c5 2. Nc3 Nc6 3. g3 g6 4. Bg2 Bg7 5. d3 d6 6. Be3 f5 7. Nge2 e5 8. O-O
Nge7 9. Qd2 O-O 10. Bh6 Be6 11. Bxg7 Kxg7 12. f4 Qd7 13. Rf2 Rf7 14. a4 Nd4 15.
a5 Nec6 16. Nd5 Bxd5 17. exd5 Nb4 18. fxe5 dxe5 19. Nxd4 exd4 20. Qf4 Nxd5 21.
Qe5+ Nf6 22. Qxc5 a6 23. Rf4 Rc8 24. Qxd4 Rxc2 25. Rb1 Qxd4+ 26. Rxd4 Re7 27.
Bf1 Re3 28. Rc4 Rd2 29. Rbc1 Rxb2 30. R4c2 Rxc2 31. Rxc2 Re5 32. d4 Rxa5 33.
Rc7+ Kh6 34. Rxb7 Ra1 35. Rb6 Ng4 36. Rxa6 Rd1 37. Ra3 Rxd4 38. h3 Ne5 39. Re3
Nc4 40. Rc3 Nd2 41. Rd3 Rxd3 42. Bxd3 Kg5 43. Kg2 Kf6 44. h4 Ke5 45. Bc2 Nc4
46. Bb3 Nd6 47. Kf3 Ne4 48. Ba2 h6 49. Kg2 f4 50. gxf4+ Kxf4 51. Be6 Nd6 52.
Kh3 Ne4 53. Bd7 g5 54. hxg5 hxg5 55. Kg2 Nd6 56. Bh3 Ne4 57. Bd7 Nf6 58. Bh3
Ng4 59. Kg1 Kg3 60. Bxg4 Kxg4 61. Kg2 Kf4 62. Kf2 g4 63. Kg2 g3 64. Kg1 Kf3 65.
Kf1 g2+ 66. Kg1 Kg3 1/2-1/2

[Event "26. Copenhagen Open  (Politiken Cup)"]
[Site "Taastrup"]
[Date "2004.07.30"]
[Round "8"]
[White "Vedelfort, Tommy"]
[Black "Trarup, Jorgen"]
[Result "1-0"]
[WhiteElo "1867"]
[BlackElo "1378"]
[PlyCount "61"]
[EventDate "2004.07.24"]
[EventType "swiss"]
[EventRounds "10"]
[EventCountry "DEN"]
[SourceDate "2004.01.01"]

1. d4 d5 2. Nf3 Nc6 3. c3 Nf6 4. Bg5 h6 5. Bxf6 gxf6 6. Nbd2 Bg7 7. e4 e5 8.
exd5 Qxd5 9. Bc4 Qd8 10. d5 Ne7 11. Qb3 O-O 12. O-O-O Qd6 13. Ne4 Qb6 14. Qc2
Bf5 15. Rd2 Ng6 16. g3 Rad8 17. Kb1 Bxe4 18. Qxe4 Qc5 19. Bb3 b5 20. d6 cxd6
21. Qxg6 Rde8 22. Qe4 f5 23. Qxf5 e4 24. Nh4 Kh8 25. Rd5 Qc6 26. Rhd1 Re6 27.
Bc2 Qc4 28. f3 Re5 29. Rxe5 Qe2 30. Rxe4 Qxh2 31. Re2 1-0

[Event "26. Copenhagen Open  (Politiken Cup)"]
[Site "Taastrup"]
[Date "2004.07.30"]
[Round "8"]
[White "Vul, Arkadi Eremeevich"]
[Black "Pedersen, Gunnar"]
[Result "1/2-1/2"]
[WhiteElo "2438"]
[BlackElo "2251"]
[PlyCount "71"]
[EventDate "2004.07.24"]
[EventType "swiss"]
[EventRounds "10"]
[EventCountry "DEN"]
[SourceDate "2004.01.01"]

1. Nf3 d5 2. d4 e6 3. c4 c5 4. cxd5 exd5 5. g3 Nc6 6. Bg2 Nf6 7. O-O Be7 8. Nc3
O-O 9. dxc5 d4 10. Na4 Bf5 11. Ne1 Ne4 12. Nd3 Bf6 13. g4 Bg6 14. f4 Qd7 15. f5
Rae8 16. Bf4 h5 17. g5 Nxg5 18. fxg6 fxg6 19. Qb3+ Ne6 20. Bd6 Rf7 21. Bd5 Ncd8
22. Ne5 Bxe5 23. Bxe5 Ng5 24. Bxf7+ Ndxf7 25. Rxf7 Nxf7 26. Bd6 b5 27. cxb6
Qxd6 28. Rf1 Qe7 29. b7 Rb8 30. Nc5 Qxc5 31. Rxf7 Kh7 32. Kf1 Qc6 33. Kf2 Qc5
34. Kf1 Qc6 35. Kf2 Qc5 36. Kg2 1/2-1/2

[Event "26. Copenhagen Open  (Politiken Cup)"]
[Site "Taastrup"]
[Date "2004.07.30"]
[Round "8"]
[White "Ziska, Andrias"]
[Black "Jensen, Paul Johan"]
[Result "0-1"]
[WhiteElo "1804"]
[BlackElo "1358"]
[PlyCount "118"]
[EventDate "2004.07.24"]
[EventType "swiss"]
[EventRounds "10"]
[EventCountry "DEN"]
[SourceDate "2004.01.01"]

1. e4 d5 2. exd5 Qxd5 3. Nc3 Qa5 4. d4 Nf6 5. Nf3 c6 6. Be2 Bf5 7. O-O Nbd7 8.
Bf4 e6 9. h3 Be7 10. a3 Nd5 11. Nxd5 cxd5 12. Re1 b5 13. Ne5 Rc8 14. c3 Nf6 15.
Qb3 a6 16. Bh2 O-O 17. Rad1 Bd6 18. Bd3 Be4 19. Qc2 Bxd3 20. Qxd3 Qc7 21. Re2
Ra8 22. Rde1 Rfb8 23. g4 a5 24. Rc2 Rb7 25. f3 Ne8 26. g5 Rc8 27. h4 Qe7 28. f4
Bb8 29. f5 f6 30. Nf3 Bxh2+ 31. Rxh2 Rc6 32. Rhe2 Rbb6 33. Kf2 Nc7 34. fxe6
Rxe6 35. Qf5 Rxe2+ 36. Rxe2 Qd8 37. g6 hxg6 38. Qxg6 Qd7 39. h5 Qf7 40. Qf5 Re6
41. Rxe6 Qxe6 42. Nh4 Qxf5+ 43. Nxf5 Kf7 44. Nd6+ Ke6 45. Nb7 a4 46. Kg3 Kf5
47. Kh4 Kf4 48. Nd6 f5 49. Nf7 Ke3 50. Ne5 f4 51. Kg4 Kd2 52. Kxf4 Kc2 53. Kf5
Kxb2 54. Kg6 Ne8 55. Nd3+ Kxa3 56. Nf4 Kb3 57. Nxd5 a3 58. Nc7 Nxc7 59. Kxg7 a2
0-1

[Event "26. Copenhagen Open  (Politiken Cup)"]
[Site "Taastrup"]
[Date "2004.07.31"]
[Round "9"]
[White "Aandal, Kristian"]
[Black "Hyldkrog, Lars"]
[Result "0-1"]
[WhiteElo "1927"]
[BlackElo "2080"]
[PlyCount "84"]
[EventDate "2004.07.24"]
[EventType "swiss"]
[EventRounds "10"]
[EventCountry "DEN"]
[SourceDate "2004.01.01"]

1. d4 Nf6 2. c4 e6 3. Nc3 Bb4 4. Qc2 O-O 5. a3 Bxc3+ 6. Qxc3 b6 7. Bg5 Ba6 8.
Nf3 d6 9. e3 Nbd7 10. Bd3 c5 11. b4 Rc8 12. b5 Bb7 13. Qc2 h6 14. Bh4 Bxf3 15.
gxf3 cxd4 16. exd4 d5 17. Rg1 dxc4 18. Bxc4 Qc7 19. Bxf6 Nxf6 20. Rc1 Qf4 21.
Ke2 Qxd4 22. Qd3 Rfd8 23. Qxd4 Rxd4 24. Bd3 Rcd8 25. Rgd1 Kf8 26. Bc4 Rxd1 27.
Rxd1 Rxd1 28. Kxd1 Ke7 29. Kd2 Kd6 30. Kd3 Kc5 31. Kc3 Nd5+ 32. Kb3 Nf4 33. Bf1
Kd4 34. Kc2 e5 35. Kd2 f6 36. Kc2 h5 37. Kd2 h4 38. Kc2 g5 39. Kd2 e4 40. fxe4
Kxe4 41. a4 Kf3 42. Ke1 Ng2+ 0-1

[Event "26. Copenhagen Open  (Politiken Cup)"]
[Site "Taastrup"]
[Date "2004.07.31"]
[Round "9"]
[White "Abrahamsson, Daniel"]
[Black "Thomassen, Joachim"]
[Result "1/2-1/2"]
[WhiteElo "1803"]
[BlackElo "1462"]
[PlyCount "104"]
[EventDate "2004.07.24"]
[EventType "swiss"]
[EventRounds "10"]
[EventCountry "DEN"]
[SourceDate "2004.01.01"]

1. e4 c5 2. c3 d5 3. exd5 Qxd5 4. d4 Nf6 5. Nf3 e6 6. Bd3 Nc6 7. O-O cxd4 8.
cxd4 Be7 9. Nc3 Qd8 10. Re1 O-O 11. a3 a6 12. Bc2 b5 13. Qd3 Qb6 14. Ne4 Nxe4
15. Qxe4 g6 16. Be3 Qc7 17. Rac1 Bb7 18. Qd3 Rfd8 19. h4 Na5 20. h5 Qc4 21.
hxg6 hxg6 22. Qd1 Qd5 23. Bf4 Qd7 24. Be5 Nc6 25. Qe2 Nxe5 26. Nxe5 Qd5 27. Be4
Qxe4 28. Qxe4 Bxe4 29. Rxe4 Bf6 30. Nf3 Rac8 31. Rxc8 Rxc8 32. Re2 Rc1+ 33. Kh2
Rd1 34. Re4 Kf8 35. Kg3 Ke7 36. Ne5 Rd2 37. b4 Ke8 38. Kf3 Bg5 39. Rg4 f6 40.
Nxg6 Ra2 41. d5 Rxa3+ 42. Ke2 Ra2+ 43. Kf3 exd5 44. Rd4 Rd2 45. Rxd2 Bxd2 46.
Nf4 Bxb4 47. Nxd5 Ba3 48. Nxf6+ Kf7 49. Ne4 Bb4 50. Ke2 a5 51. Kd3 Ke6 52. Nc3
Bxc3 1/2-1/2

[Event "26. Copenhagen Open  (Politiken Cup)"]
[Site "Taastrup"]
[Date "2004.07.31"]
[Round "9"]
[White "Al Saad, Mofid"]
[Black "Stolberg Rohr, Thomine"]
[Result "0-1"]
[WhiteElo "1493"]
[BlackElo "2043"]
[PlyCount "98"]
[EventDate "2004.07.24"]
[EventType "swiss"]
[EventRounds "10"]
[EventCountry "DEN"]
[SourceDate "2004.01.01"]

1. d4 g6 2. c4 Bg7 3. e4 d6 4. h3 Nc6 5. Nf3 e5 6. d5 Nce7 7. Nc3 f5 8. Bd3 Nf6
9. O-O f4 10. b4 O-O 11. Rb1 h6 12. c5 g5 13. Qb3 Kh8 14. Nh2 g4 15. hxg4 Nxg4
16. Nxg4 Bxg4 17. f3 Bh5 18. Kf2 Ng6 19. Rh1 Qg5 20. Rh3 Nh4 21. Bf1 a6 22. Ne2
Rf7 23. Ng1 Rg8 24. g4 fxg3+ 25. Rxg3 Qf6 26. Be2 Ng6 27. Rh3 Bg4 28. Rh2 Nf4
29. Bd2 Bd7 30. a4 Bf8 31. Be3 Qg6 32. Ke1 Qg3+ 33. Rf2 Qxg1+ 34. Kd2 Qg3 35.
Rh1 Rg6 36. Rfh2 Nxe2 37. Bxh6 Rxh6 38. Rxh6+ Bxh6+ 39. Rxh6+ Kg7 40. Kxe2 Kxh6
41. c6 Bg4 42. Qe3+ Kh7 43. cxb7 Bxf3+ 44. Kd2 Rf8 45. b5 axb5 46. a5 Qg2+ 47.
Kd3 Qf1+ 48. Kc2 Qc4+ 49. Kd2 Qa2+ 0-1

[Event "26. Copenhagen Open  (Politiken Cup)"]
[Site "Taastrup"]
[Date "2004.07.31"]
[Round "9"]
[White "Andersen, Rune Egede"]
[Black "Vedelfort, Tommy"]
[Result "0-1"]
[WhiteElo "2092"]
[BlackElo "1867"]
[PlyCount "102"]
[EventDate "2004.07.24"]
[EventType "swiss"]
[EventRounds "10"]
[EventCountry "DEN"]
[SourceDate "2004.01.01"]

1. e4 e6 2. d4 d5 3. e5 c5 4. c3 Nc6 5. Nf3 Qb6 6. Bd3 Nge7 7. Na3 a6 8. Nc2
Ng6 9. h4 c4 10. Be2 Be7 11. h5 Nf8 12. b3 Na5 13. h6 g6 14. Ne3 cxb3 15. axb3
Bd7 16. c4 Bb4+ 17. Kf1 Bc6 18. Rb1 Qd8 19. c5 b6 20. Ng4 Nd7 21. Bg5 Qc7 22.
Nf6+ Nxf6 23. Bxf6 O-O 24. Nh2 bxc5 25. dxc5 Rfb8 26. Ng4 Bxc5 27. Bg7 Be7 28.
b4 Nc4 29. Bxc4 dxc4 30. Qd2 Qd8 31. Qxd8+ Rxd8 32. Rh3 Be4 33. Rc1 Rd3 34. Bf6
Bxb4 35. f3 Bf5 36. Rxc4 Rd1+ 37. Ke2 Rd2+ 38. Kf1 Bd3+ 39. Kg1 Bxc4 40. Bg5
Bc5+ 41. Kh2 Rb2 42. Nf6+ Kh8 43. Nd7 Bb6 44. Rh4 Bd5 45. Rf4 Bd8 46. Bf6+ Bxf6
47. Nxf6 Rb7 48. Rd4 a5 49. Ne4 Bxe4 50. fxe4 a4 51. Kh3 a3 0-1

[Event "26. Copenhagen Open  (Politiken Cup)"]
[Site "Taastrup"]
[Date "2004.07.31"]
[Round "9"]
[White "Andreasen, Per Naesby"]
[Black "Johannessen, Leif Erlend"]
[Result "0-1"]
[WhiteElo "2309"]
[BlackElo "2538"]
[PlyCount "82"]
[EventDate "2004.07.24"]
[EventType "swiss"]
[EventRounds "10"]
[EventCountry "DEN"]
[SourceDate "2004.01.01"]

1. Nf3 d5 2. d4 Nf6 3. c4 e6 4. Bg5 Be7 5. e3 O-O 6. Nc3 h6 7. Bh4 b6 8. Be2
Bb7 9. O-O Nbd7 10. Rc1 c5 11. cxd5 Nxd5 12. Bxe7 Qxe7 13. Qa4 cxd4 14. Qxd4
Rac8 15. Rfd1 Nxc3 16. Rxc3 Nc5 17. Qb4 Bd5 18. Qa3 a5 19. h3 Qb7 20. Ne1 Rfd8
21. Rcc1 Qa8 22. Bf3 Bxf3 23. Nxf3 Rxd1+ 24. Rxd1 Rd8 25. Rd4 Rxd4 26. exd4 Ne4
27. Ne5 Qc8 28. Qe3 Qc2 29. Nf3 a4 30. a3 b5 31. Ne1 Qb1 32. Kh2 Nf6 33. Qe2
Qf5 34. Nf3 Qd5 35. Qc2 Ne4 36. Kg1 Nd6 37. Qc7 f6 38. Qc3 Qc4 39. Qe3 Kf7 40.
Qf4 Qd5 41. Qe3 Nc4 0-1

[Event "26. Copenhagen Open  (Politiken Cup)"]
[Site "Taastrup"]
[Date "2004.07.31"]
[Round "9"]
[White "Asbjornsson, Ingvar"]
[Black "Hansen, John Laurids"]
[Result "0-1"]
[WhiteElo "1275"]
[BlackElo "1688"]
[PlyCount "78"]
[EventDate "2004.07.24"]
[EventType "swiss"]
[EventRounds "10"]
[EventCountry "DEN"]
[SourceDate "2004.01.01"]

1. e4 e5 2. Nf3 Nc6 3. Bb5 a6 4. Ba4 d6 5. d4 b5 6. Bb3 Nxd4 7. Nxd4 exd4 8.
Bd5 Rb8 9. Qxd4 Bd7 10. e5 c6 11. Bf3 d5 12. Bf4 Be6 13. b4 Ne7 14. c3 Nf5 15.
Qa7 Qc8 16. a4 Ra8 17. Qb6 Be7 18. axb5 axb5 19. Rxa8 Qxa8 20. O-O O-O 21. Nd2
Rb8 22. Qa5 Qxa5 23. bxa5 c5 24. Ra1 c4 25. g4 Nh4 26. Bh1 Bc5 27. Be3 Bxe3 28.
fxe3 Ng6 29. Nf3 Ne7 30. Nd4 b4 31. cxb4 Rxb4 32. a6 Rb8 33. e4 g6 34. exd5
Bxd5 35. Bxd5 Nxd5 36. a7 Ra8 37. Nb5 c3 38. Kf2 Kf8 39. Ke2 Ke7 {time} 0-1

[Event "26. Copenhagen Open  (Politiken Cup)"]
[Site "Taastrup"]
[Date "2004.07.31"]
[Round "9"]
[White "Asbjornsson, Sverrir"]
[Black "Scherwin, Claes"]
[Result "0-1"]
[WhiteElo "1000"]
[BlackElo "1444"]
[PlyCount "48"]
[EventDate "2004.07.24"]
[EventType "swiss"]
[EventRounds "10"]
[EventCountry "DEN"]
[SourceDate "2004.01.01"]

1. d4 d5 2. c4 e6 3. Nc3 c6 4. Nf3 Bd6 5. c5 Bc7 6. e3 f5 7. Bd3 Nf6 8. O-O O-O
9. b4 Nbd7 10. a4 Ne4 11. Bb2 Rf6 12. g3 Rh6 13. Bxe4 fxe4 14. Nd2 Nf6 15. f4
Qd7 16. g4 Nxg4 17. Re1 Rg6 18. Kf1 Nxh2+ 19. Kf2 Qe7 20. Qh5 Ng4+ 21. Ke2 Nf6
22. Qh2 Ng4 23. Qh5 e5 24. fxe5 Rh6 0-1

[Event "26. Copenhagen Open  (Politiken Cup)"]
[Site "Taastrup"]
[Date "2004.07.31"]
[Round "9"]
[White "Auchenberg, Einar"]
[Black "Manley, Christian"]
[Result "0-1"]
[WhiteElo "1486"]
[BlackElo "1670"]
[PlyCount "86"]
[EventDate "2004.07.24"]
[EventType "swiss"]
[EventRounds "10"]
[EventCountry "DEN"]
[SourceDate "2004.01.01"]

1. d4 d5 2. Nc3 Bf5 3. Bg5 c6 4. f3 Qa5 5. Bd2 Nf6 6. e4 dxe4 7. fxe4 Bg4 8.
Nf3 Qh5 9. Be2 Nbd7 10. e5 Nd5 11. Nxd5 cxd5 12. O-O Rc8 13. c3 e6 14. Rf2 f5
15. Ng5 Bxe2 16. Qxe2 Qxe2 17. Rxe2 Rc6 18. Re3 h6 19. Rh3 Nb6 20. b3 Rg8 21.
Nh7 Be7 22. Rg3 Kf7 23. Rf1 Rh8 24. h4 Rxh7 25. h5 Rh8 26. Rg6 Rd8 27. g4 Rf8
28. gxf5 exf5 29. Rxf5+ Ke8 30. Rxf8+ Kxf8 31. a4 Rxg6+ 32. hxg6 Bd8 33. a5 Nd7
34. c4 dxc4 35. bxc4 Ke7 36. Bb4+ Ke6 37. d5+ Kxe5 38. Bc3+ Kf5 39. a6 Bb6+ 40.
Kg2 bxa6 41. Bxg7 Kxg6 42. Bb2 Bc5 43. Kf3 Nb6 0-1

[Event "26. Copenhagen Open  (Politiken Cup)"]
[Site "Taastrup"]
[Date "2004.07.31"]
[Round "9"]
[White "Backelin, Rikard"]
[Black "Mortensen, Erling"]
[Result "0-1"]
[WhiteElo "2292"]
[BlackElo "2455"]
[PlyCount "80"]
[EventDate "2004.07.24"]
[EventType "swiss"]
[EventRounds "10"]
[EventCountry "DEN"]
[SourceDate "2004.01.01"]

1. e4 c5 2. Nf3 e6 3. b3 b6 4. Bd3 Bb7 5. O-O Nc6 6. Re1 Nge7 7. Bb2 Ng6 8. Bf1
f6 9. c3 Bd6 10. d4 cxd4 11. cxd4 O-O 12. Nc3 a6 13. a3 Nce7 14. b4 Kh8 15. Bc4
Rc8 16. Bb3 b5 17. d5 e5 18. Ne2 Bb8 19. Qd2 Ba7 20. Ng3 d6 21. Nf1 h6 22. Ne3
f5 23. Bc2 f4 24. Nf1 Ng8 25. Bd3 Nh4 26. Qe2 Nxf3+ 27. Qxf3 Nf6 28. h3 g5 29.
Nh2 h5 30. Kh1 Rc7 31. a4 g4 32. Qe2 bxa4 33. Bxa6 Bxa6 34. Qxa6 Bxf2 35. Re2
Be3 36. Qd3 Qd7 37. Nf1 Bb6 38. Nd2 Rfc8 39. Nf1 Rc4 40. Kh2 Rxb4 0-1

[Event "26. Copenhagen Open  (Politiken Cup)"]
[Site "Taastrup"]
[Date "2004.07.31"]
[Round "9"]
[White "Bae, Torstein"]
[Black "Lie, Kjetil A"]
[Result "0-1"]
[WhiteElo "2269"]
[BlackElo "2459"]
[PlyCount "92"]
[EventDate "2004.07.24"]
[EventType "swiss"]
[EventRounds "10"]
[EventCountry "DEN"]
[SourceDate "2004.01.01"]

1. e4 c5 2. Nf3 g6 3. d4 cxd4 4. Nxd4 Bg7 5. Nc3 Nc6 6. Be3 Nf6 7. Bc4 Qa5 8.
f3 Qb4 9. Nxc6 bxc6 10. Bb3 O-O 11. O-O Rd8 12. e5 Ne8 13. f4 d6 14. Qf3 d5 15.
Rad1 Nc7 16. Na4 Na6 17. c3 Qb7 18. Bc2 e6 19. b3 Qe7 20. Bd3 Nb8 21. Qe2 Nd7
22. c4 f6 23. exf6 Bxf6 24. Rfe1 Qd6 25. Bb1 Re8 26. Qf2 Rf8 27. Bxa7 Bg7 28.
Be3 Qc7 29. cxd5 exd5 30. Qd2 Bb7 31. Rc1 Rae8 32. Qxd5+ Kh8 33. Qd2 c5 34.
Nxc5 Nxc5 35. Rxc5 Qb6 36. Bf2 Rd8 37. Qe2 Qb4 38. Rc4 Qa5 39. Be4 Ba6 40. Ra4
Qxa4 41. bxa4 Bxe2 42. Rxe2 Rd1+ 43. Be1 Bc3 44. Kf2 Rxe1 45. Rxe1 Bxe1+ 46.
Kxe1 Re8 0-1

[Event "26. Copenhagen Open  (Politiken Cup)"]
[Site "Taastrup"]
[Date "2004.07.31"]
[Round "9"]
[White "Bank, Pelle Rodkjaer"]
[Black "Peschardt, Soren"]
[Result "1/2-1/2"]
[WhiteElo "2277"]
[BlackElo "2200"]
[PlyCount "100"]
[EventDate "2004.07.24"]
[EventType "swiss"]
[EventRounds "10"]
[EventCountry "DEN"]
[SourceDate "2004.01.01"]

1. e4 c5 2. d3 Nc6 3. g3 g6 4. Bg2 Bg7 5. Nf3 e6 6. O-O Nge7 7. Nbd2 O-O 8. Re1
d6 9. h4 Nd4 10. Nh2 Rb8 11. h5 b5 12. hxg6 hxg6 13. Ndf1 Qc7 14. Bg5 f6 15.
Be3 e5 16. Qd2 Be6 17. Rac1 Rf7 18. c3 Ndc6 19. b4 cxb4 20. cxb4 Qd7 21. Nf3 d5
22. Qb2 d4 23. Bd2 Bf8 24. Re2 Rh7 25. Be1 Kf7 26. Rec2 Bh6 27. Bd2 Rbh8 28.
Bxh6 Rxh6 29. N3h2 Kg7 30. f4 exf4 31. gxf4 Bh3 32. Bxh3 Rxh3 33. Qb3 Qd6 34.
Rf2 R8h4 35. Rcc2 Rxf4 36. Rxf4 Qxf4 37. Qe6 Rh5 38. Ng4 f5 39. Qf6+ Kg8 40.
Rg2 Qf3 41. Ngh2 Qh3 42. Ng3 Rh6 43. exf5 gxf5 44. Qxh6 Qxh6 45. Nxf5+ Qg6 46.
Nxe7+ Nxe7 47. Rxg6+ Nxg6 48. Nf3 Nf4 49. Nxd4 Nxd3 50. Nxb5 Nxb4 1/2-1/2

[Event "26. Copenhagen Open  (Politiken Cup)"]
[Site "Taastrup"]
[Date "2004.07.31"]
[Round "9"]
[White "Barr, Steven"]
[Black "Thorgeirsson, Sverrir"]
[Result "0-1"]
[WhiteElo "1712"]
[BlackElo "1360"]
[PlyCount "74"]
[EventDate "2004.07.24"]
[EventType "swiss"]
[EventRounds "10"]
[EventCountry "DEN"]
[SourceDate "2004.01.01"]

1. d4 e6 2. c4 d5 3. Nf3 Nf6 4. Bg5 Be7 5. e3 c5 6. Nc3 cxd4 7. exd4 O-O 8. Bd3
dxc4 9. Bxc4 Nc6 10. O-O Qb6 11. a3 Rd8 12. d5 exd5 13. Bxd5 Be6 14. Bxf6 Bxf6
15. Rb1 Bxc3 16. bxc3 Qc5 17. c4 Bxd5 18. cxd5 Rxd5 19. Qa4 b5 20. Qa6 Qb6 21.
Qxb6 axb6 22. Rfc1 Nd4 23. Nxd4 Rxd4 24. Rxb5 Rad8 25. Kf1 Rd1+ 26. Rxd1 Rxd1+
27. Ke2 Rd6 28. a4 Kf8 29. Re5 Rc6 30. a5 bxa5 31. Rxa5 Ke7 32. Rd5 Ke6 33. Ra5
Rd6 34. Rc5 h6 35. Ra5 Rc6 36. Rb5 f5 37. h3 Rc2+ 0-1